LEADER 01266nam a2200277 i 4500 001 000000066322 003 CaOOAMICUS 005 20150902000000.0 008 150902s1989 xx u000 u eng u 013 $a37494 020 $a0-947083-06-5 040 $aSeMil$bita 100 1 $aTablada, Carlos.$0(OLS)http://semarc/name/33290 240 13$aEl pensamiento económico de Ernesto Che Guevara.$0(OLS)http://semarc/title/105464 245 10$aChe Guevara :$beconomics and politics in the transition to socialism /$cby Carlos Tablada. 250 $a1. ed. 260 $aSydney (Australia) :$bPathfinder Pacific and Asia,$c1989. 300 $a286 p., [16] p. di tav. ;$c22 cm. 500 $aContiene : Appendix. Manual for administrators ; Bibliography. 600 14$aGuevara, Ernesto .$0(OLS)http://semarc/subject/9961 850 $aSeMil 852 $aSeMil$W1$xVenegono$y1$m3N V 435$j32475$B32475$CSeMilBibl$Z2$F32478 $81 961 $aOmaggio: Donazione 996 $6020$a0-947083-06-5$9(OLS)http://semarc/number/43921 996 $6245$aChe Guevara :$beconomics and politics in the transition to socialism$9(OLS)http://semarc/title/105463 996 $6260$aSydney (Australia) :$bPathfinder Pacific and Asia$9(OLS)http://semarc/publisher/42665 LEADER 01072nam a2200277 i 4500 001 000000040697 003 CaOOAMICUS 005 20091116000000.0 008 091116s1988 it u000 u ita u 013 $a11867 020 $a88-263-0456-4 040 $aSeMil$bita 100 1 $aRuiz de la Peña, Juan Luis.$0(OLS)http://semarc/name/3734 240 10$aTeología de la creación.$0(OLS)http://semarc/title/58581 245 10$aTeologia della creazione /$cJ. L. Ruiz de la Peña. 260 $aRoma :$bBorla,$c1988. 300 $a278 p. ;$c21 cm. 490 0 $aRicerche teologiche 650 4$aCreazione - Teologia.$0(OLS)http://semarc/subject/2265 830 0$aRicerche teologiche.$0(OLS)http://semarc/title/457391 850 $aSeMil 852 $aSeMil$W1$xVenegono$y1$m2B V 303$j6852$B6852$CSeMilBibl$Z2$F6852 $81 961 $aAcquisto: Distributore 996 $6020$a88-263-0456-4$9(OLS)http://semarc/number/11048 996 $6245$aTeologia della creazione$9(OLS)http://semarc/title/58580 996 $6260$aRoma :$bBorla$9(OLS)http://semarc/publisher/29677